Loading...
Fine Arts - Other Fine Arts | 0 | 3 | 0 | 0 | 30 | 79 | 102.33 | 0 | 1 |
Science - Other Science | 0 | 3 | 1 | 1 | 25 | 108 | 124.00 | 0 | 0 |
History - European History | 0 | 3 | 1 | 0 | 25 | 97 | 118.67 | 0 | 0 |
Religion | 0 | 3 | 1 | 0 | 25 | 78 | 80.00 | 0 | 1 |
History - Other History | 0 | 3 | 1 | 0 | 25 | 88 | 132.00 | 0 | 0 |
Geography | 0 | 2 | 0 | 0 | 20 | 97 | 99.50 | 0 | 0 |
History - American History | 0 | 3 | 2 | 1 | 20 | 67 | 108.33 | 0 | 1 |
Social Science | 0 | 2 | 0 | 0 | 20 | 120 | 123.00 | 0 | 0 |
Science - Physics | 0 | 1 | 0 | 0 | 10 | 137 | 137.00 | 0 | 0 |
Fine Arts - Painting & Sculpture | 0 | 1 | 0 | 0 | 10 | 142 | 142.00 | 0 | 0 |
History - World History | 0 | 1 | 0 | 0 | 10 | 105 | 105.00 | 0 | 0 |
Literature - European Literature | 0 | 1 | 0 | 1 | 10 | 143 | 143.00 | 0 | 0 |
Mythology | 0 | 1 | 0 | 0 | 10 | 85 | 85.00 | 0 | 0 |
Other Academic | 0 | 1 | 0 | 0 | 10 | 116 | 116.00 | 0 | 0 |
Literature - British Literature | 0 | 0 | 0 | 0 | 0 | 0.00 | 0 | 0 | |
Literature - American Literature | 0 | 0 | 0 | 0 | 0 | 0.00 | 0 | 0 | |
Science - Biology | 0 | 0 | 0 | 0 | 0 | 0.00 | 0 | 0 | |
Philosophy | 0 | 0 | 1 | 0 | -5 | 0.00 | 0 | 0 | |
Current Events | 0 | 0 | 1 | 0 | -5 | 0.00 | 0 | 0 |